Reflexiones sobre el poder /

Saved in:
நூற்பட்டியல் விவரங்கள்
தலைமை எழுத்தாளர்: Sánchez Azcona, Jorge.
வடிவம்: புத்தகம்
மொழி:Spanish
வெளியீடப்பட்டது: México : Universidad Nacional Autónoma de México, Instituto de Investigaciones Jurídicas, 1997.
தொகுதி:Serie G--Estudios doctrinales ; 125
பகுதிகள்:
குறியீடுகள்: குறிச்சொல் இணை
குறியீடுகள் இல்லை, இந்த குறிச்சொல்லை முதலில் பதிவு செய்யுங்கள்!
LEADER 01081nam a2200265 a 4500
001 007737699-4
005 20020606104010.5
008 910326s1997 mx b f00010 spa d
020 |a 9683614221 
035 0 |a ocm37855516 
043 |a n-mx--- 
050 0 0 |a JC330  |b .S217 1990 
100 2 0 |a Sánchez Azcona, Jorge. 
245 1 0 |a Reflexiones sobre el poder /  |c Jorge Sánchez Azcona. 
260 |a México :  |b Universidad Nacional Autónoma de México, Instituto de Investigaciones Jurídicas,  |c 1997. 
300 |a 141 p. ;  |c 23 cm. 
490 1 |a Serie G--Estudios doctrinales ;  |v núm. 125 
504 |a Includes bibliographical references (p. [133]-141). 
505 0 |a Modernización de México? -- Reflexiones sobre el poder -- El adolescente y el carácter social -- Marx y Weber, un estudio comparativo en la metodología de las ciencias -- Carisma y liderazgo. 
650 0 |a Power (Social sciences) 
650 0 |a Political sociology. 
651 0 |a Mexico  |x Politics and government  |y 20th century. 
830 0 |a Serie G--Estudios doctrinales ;  |v 125 
988 |a 20020608 
906 |0 MH